Normal view
MARC view
- Keith Sisson
Entry Personal Name
001 - CONTROL NUMBER
- control field: 125294
003 - CONTROL NUMBER IDENTIFIER
- control field: NUST
005 - DATE AND TIME OF LATEST TRANSACTION
- control field: 20240822142127.0
008 - FIXED-LENGTH DATA ELEMENTS
- fixed length control field: 240822|| aca||aabn | a|a d
040 ## - CATALOGING SOURCE
- Original cataloging agency: NUST
- Transcribing agency: NUST
100 ## - HEADING--PERSONAL NAME
- Personal name: Keith Sisson
670 ## - SOURCE DATA FOUND
- Source citation: Work cat.: (NUST): Keith Sisson, The Realities of Human Resource Management , 2000.
